| 000 | 00606nam a22001817a 4500 | ||
|---|---|---|---|
| 005 | 20150312174932.0 | ||
| 008 | 150217b xxu||||| |||| 00| 0 eng d | ||
| 050 |
_aDT2996. _bP769 2014 |
||
| 100 |
_aAlexander, Jocelyn (ed.) _915208 |
||
| 245 |
_aPolitics, patronage and the state in Zimbabwe _cAlexander, Jocelyn |
||
| 260 |
_aHarere _bWeaver Press _c2014 |
||
| 300 |
_a239p.; _c25cm. |
||
| 651 |
_aZimbabwe _vPolitics _y1980- . _915209 |
||
| 651 |
_aZimbabwe _yHistory 1980- . _915210 |
||
| 700 |
_aMcgrgor, JoAnn (ed.) _915211 |
||
| 700 |
_aTendi, Blessing-Miles (ed.) _915212 |
||
| 942 |
_2lcc _cMONOGRAPH |
||
| 999 |
_c122074 _d122074 |
||